[Event "26th 4NCL Congress"]
[Site "Woodland Grange, Leamington Spa"]
[Date "2021.09.12"]
[Round "4"]
[Board "8"]
[White "Ireland, David J"]
[Black "Ledger, Andrew J"]
[Result "0-1"]
[WhiteElo "2080"]
[BlackElo "2373"]
[PlyCount "0"]
[EventDate "2021.09.10"]
[EventRounds "5"]
[EventCountry "ENG"]

1. e4 {[%clk 01:06:02]} {[%emt 00:24:57]} c6 {[%clk 01:30:42]} {[%emt
00:00:19]} 2. d4 {[%clk 01:06:18]} {[%emt 00:00:14]} d5 {[%clk 01:31:06]}
{[%emt 00:00:06]} 3. Nc3 {[%clk 01:06:18]} {[%emt 00:00:30]} dxe4 {[%clk
01:31:15]} {[%emt 00:00:21]} 4. Nxe4 {[%clk 01:06:43]} {[%emt 00:00:05]} Bf5
{[%clk 01:31:40]} {[%emt 00:00:04]} 5. Ng3 {[%clk 01:06:16]} {[%emt 00:00:57]}
Bg6 {[%clk 01:32:05]} {[%emt 00:00:06]} 6. Nf3 {[%clk 01:06:00]} {[%emt
00:00:46]} e6 {[%clk 01:31:59]} {[%emt 00:00:35]} 7. h4 {[%clk 01:05:31]}
{[%emt 00:00:59]} h6 {[%clk 01:31:22]} {[%emt 00:01:08]} 8. h5 {[%clk
01:05:25]} {[%emt 00:00:35]} Bh7 {[%clk 01:31:47]} {[%emt 00:00:05]} 9. Bd3
{[%clk 01:05:17]} {[%emt 00:00:38]} Bxd3 {[%clk 01:32:01]} {[%emt 00:00:17]} 10.
Qxd3 {[%clk 01:05:44]} {[%emt 00:00:02]} Nf6 {[%clk 01:32:19]} {[%emt
00:00:13]} 11. Bd2 {[%clk 01:04:54]} {[%emt 00:01:19]} c5 {[%clk 01:32:26]}
{[%emt 00:00:24]} 12. O-O-O {[%clk 01:03:05]} {[%emt 00:02:18]} Nc6 {[%clk
01:32:37]} {[%emt 00:00:20]} 13. Bc3 {[%clk 01:00:59]} {[%emt 00:02:35]} Qd5
{[%clk 01:23:23]} {[%emt 00:09:44]} 14. dxc5 {[%clk 00:56:05]} {[%emt
00:05:25]} Qxd3 {[%clk 01:19:45]} {[%emt 00:04:09]} 15. Rxd3 {[%clk 00:56:28]}
{[%emt 00:00:06]} Bxc5 {[%clk 01:18:45]} {[%emt 00:01:31]} 16. Rhd1 {[%clk
00:49:28]} {[%emt 00:07:29]} Rd8 {[%clk 01:11:53]} {[%emt 00:07:21]} 17. Rxd8+
{[%clk 00:38:56]} {[%emt 00:11:02]} Nxd8 {[%clk 01:12:19]} {[%emt 00:00:04]} 18.
Bd4 {[%clk 00:35:02]} {[%emt 00:04:23]} Bxd4 {[%clk 01:10:48]} {[%emt
00:02:02]} 19. Nxd4 {[%clk 00:35:07]} {[%emt 00:00:25]} Ke7 {[%clk 01:07:15]}
{[%emt 00:04:04]} 20. c4 {[%clk 00:32:54]} {[%emt 00:02:42]} Rg8 {[%clk
01:04:17]} {[%emt 00:03:29]} 21. Kc2 {[%clk 00:23:37]} {[%emt 00:09:47]} g6
{[%clk 01:03:53]} {[%emt 00:00:54]} 22. hxg6 {[%clk 00:23:13]} {[%emt
00:00:54]} Rxg6 {[%clk 01:04:17]} {[%emt 00:00:06]} 23. Kd3 {[%clk 00:19:07]}
{[%emt 00:04:33]} h5 {[%clk 00:58:38]} {[%emt 00:06:11]} 24. Rh1 {[%clk
00:18:29]} {[%emt 00:01:08]} Rg4 {[%clk 00:50:41]} {[%emt 00:08:28]} 25. Nxh5
{[%clk 00:14:26]} {[%emt 00:04:32]} Rxg2 {[%clk 00:49:19]} {[%emt 00:01:53]} 26.
Nxf6 {[%clk 00:13:59]} {[%emt 00:00:56]} Kxf6 {[%clk 00:49:42]} {[%emt
00:00:08]} 27. Rh8 {[%clk 00:12:57]} {[%emt 00:01:31]} Ke7 {[%clk 00:49:16]}
{[%emt 00:00:57]} 28. Ke3 {[%clk 00:12:35]} {[%emt 00:00:50]} Rg1 {[%clk
00:48:10]} {[%emt 00:01:38]} 29. Rh2 {[%clk 00:10:14]} {[%emt 00:02:50]} Re1+
{[%clk 00:45:14]} {[%emt 00:03:26]} 30. Kd2 {[%clk 00:09:52]} {[%emt 00:00:51]}
Rb1 {[%clk 00:45:16]} {[%emt 00:00:29]} 31. Kc2 {[%clk 00:09:31]} {[%emt
00:00:50]} Rf1 {[%clk 00:45:40]} {[%emt 00:00:07]} 32. Kd3 {[%clk 00:08:15]}
{[%emt 00:01:45]} Rd1+ {[%clk 00:42:00]} {[%emt 00:04:11]} 33. Kc3 {[%clk
00:07:56]} {[%emt 00:00:48]} Rc1+ {[%clk 00:41:57]} {[%emt 00:00:34]} 34. Kd3
{[%clk 00:08:01]} {[%emt 00:00:23]} e5 {[%clk 00:41:23]} {[%emt 00:01:05]} 35.
Nb3 {[%clk 00:05:22]} {[%emt 00:03:08]} Rd1+ {[%clk 00:38:49]} {[%emt
00:03:05]} 36. Kc2 {[%clk 00:05:00]} {[%emt 00:00:51]} Rg1 {[%clk 00:38:45]}
{[%emt 00:00:36]} 37. Nd2 {[%clk 00:04:32]} {[%emt 00:00:57]} Rg4 {[%clk
00:38:32]} {[%emt 00:00:43]} 38. b4 {[%clk 00:03:01]} {[%emt 00:02:00]} Rf4
{[%clk 00:37:07]} {[%emt 00:01:57]} 39. a3 {[%clk 00:03:07]} {[%emt 00:00:24]}
Ne6 {[%clk 00:36:56]} {[%emt 00:00:41]} 40. Kd3 {[%clk 00:02:51]} {[%emt
00:00:45]} Ng5 {[%clk 00:30:56]} {[%emt 00:06:30]} 41. a4 {[%clk 00:01:55]}
{[%emt 00:01:27]} Rd4+ {[%clk 00:28:42]} {[%emt 00:02:43]} 42. Ke3 {[%clk
00:02:03]} {[%emt 00:00:22]} Rxd2 {[%clk 00:27:54]} {[%emt 00:01:18]} 43. Rh5
{[%clk 00:01:43]} {[%emt 00:00:49]} Rb2 {[%clk 00:27:13]} {[%emt 00:01:12]} 44.
Rxg5 {[%clk 00:02:01]} {[%emt 00:00:12]} Kf6 {[%clk 00:27:37]} {[%emt
00:00:07]} 45. Rg8 {[%clk 00:01:55]} {[%emt 00:00:36]} Rxb4 {[%clk 00:27:58]}
{[%emt 00:00:10]} 46. Rb8 {[%clk 00:01:27]} {[%emt 00:00:57]} Rxc4 {[%clk
00:27:29]} {[%emt 00:00:59]} 47. Rxb7 {[%clk 00:01:07]} {[%emt 00:00:49]} Rxa4
{[%clk 00:27:55]} {[%emt 00:00:04]} 48. f3 {[%clk 00:01:09]} {[%emt 00:00:28]}
Ke6 {[%clk 00:28:03]} {[%emt 00:00:22]} 49. Rc7 {[%clk 00:01:21]} {[%emt
00:00:19]} Ra3+ {[%clk 00:28:18]} {[%emt 00:00:14]} 50. Ke2 {[%clk 00:01:30]}
{[%emt 00:00:21]} f6 {[%clk 00:28:38]} {[%emt 00:00:11]} 51. Rc6+ {[%clk
00:01:19]} {[%emt 00:00:41]} Kf5 {[%clk 00:29:01]} {[%emt 00:00:06]} 52. Kf2
{[%clk 00:01:42]} {[%emt 00:00:07]} a5 {[%clk 00:29:18]} {[%emt 00:00:13]} 53.
Ra6 {[%clk 00:01:51]} {[%emt 00:00:21]} Kg5 {[%clk 00:29:05]} {[%emt 00:00:43]}
54. Kg2 {[%clk 00:01:29]} {[%emt 00:00:52]} f5 {[%clk 00:28:14]} {[%emt
00:01:22]} 55. Rc6 {[%clk 00:01:28]} {[%emt 00:00:31]} Kf4 {[%clk 00:27:30]}
{[%emt 00:01:14]} 56. Rc4+ {[%clk 00:01:46]} {[%emt 00:00:11]} Ke3 {[%clk
00:27:46]} {[%emt 00:00:14]} 57. Kg3 {[%clk 00:01:24]} {[%emt 00:00:50]} Kd3
{[%clk 00:27:15]} {[%emt 00:01:03]} 58. Rc5 {[%clk 00:01:11]} {[%emt 00:00:42]}
Kd4 {[%clk 00:27:26]} {[%emt 00:00:20]} 59. Rb5 {[%clk 00:01:11]} {[%emt
00:00:30]} e4 {[%clk 00:27:36]} {[%emt 00:00:20]} 60. Rxf5 {[%clk 00:00:51]}
{[%emt 00:00:49]} Rxf3+ {[%clk 00:27:57]} {[%emt 00:00:10]}  0-1

[Event "26th 4NCL Congress"]
[Site "Woodland Grange, Leamington Spa"]
[Date "2021.09.12"]
[Round "4"]
[Board "9"]
[White "French, Max"]
[Black "Leslie, Alex"]
[Result "1/2-1/2"]
[WhiteElo "2298"]
[BlackElo "2088"]
[PlyCount "0"]
[EventDate "2021.09.10"]
[EventRounds "5"]
[EventCountry "ENG"]

1. d4 {[%clk 01:30:51]} {[%emt 00:00:07]} Nf6 {[%clk 01:30:51]} {[%emt
00:00:10]} 2. c4 {[%clk 01:31:09]} {[%emt 00:00:12]} e6 {[%clk 01:31:15]}
{[%emt 00:00:07]} 3. Nc3 {[%clk 01:31:08]} {[%emt 00:00:28]} Bb4 {[%clk
01:31:36]} {[%emt 00:00:11]} 4. e3 {[%clk 01:30:47]} {[%emt 00:00:52]} b6
{[%clk 01:31:32]} {[%emt 00:00:33]} 5. Bd3 {[%clk 01:30:36]} {[%emt 00:00:41]}
Bb7 {[%clk 01:31:23]} {[%emt 00:00:39]} 6. Nf3 {[%clk 01:26:35]} {[%emt
00:04:31]} Ne4 {[%clk 01:30:20]} {[%emt 00:01:33]} 7. Qc2 {[%clk 01:21:16]}
{[%emt 00:05:49]} f5 {[%clk 01:29:41]} {[%emt 00:01:09]} 8. Bd2 {[%clk
01:15:34]} {[%emt 00:06:12]} Bxc3 {[%clk 01:26:55]} {[%emt 00:03:16]} 9. Bxc3
{[%clk 01:13:33]} {[%emt 00:02:31]} O-O {[%clk 01:24:58]} {[%emt 00:02:26]} 10.
O-O {[%clk 01:07:03]} {[%emt 00:07:01]} d6 {[%clk 01:07:42]} {[%emt 00:17:45]}
11. Nd2 {[%clk 00:54:49]} {[%emt 00:12:44]} Qh4 {[%clk 01:01:35]} {[%emt
00:06:37]} 12. f3 {[%clk 00:47:28]} {[%emt 00:07:52]} Nxc3 {[%clk 01:00:59]}
{[%emt 00:01:06]} 13. bxc3 {[%clk 00:46:02]} {[%emt 00:01:55]} Nd7 {[%clk
00:59:34]} {[%emt 00:01:55]} 14. f4 {[%clk 00:39:16]} {[%emt 00:07:15]} Nf6
{[%clk 00:47:15]} {[%emt 00:12:51]} 15. Nf3 {[%clk 00:36:51]} {[%emt 00:02:55]}
Qh5 {[%clk 00:43:19]} {[%emt 00:04:26]} 16. Rae1 {[%clk 00:35:24]} {[%emt
00:01:57]} Rae8 {[%clk 00:37:28]} {[%emt 00:06:21]} 17. Qa4 {[%clk 00:26:41]}
{[%emt 00:09:13]} Ra8 {[%clk 00:34:28]} {[%emt 00:03:30]} 18. Qb3 {[%clk
00:26:34]} {[%emt 00:00:37]} Bxf3 {[%clk 00:22:19]} {[%emt 00:12:38]} 19. Rxf3
{[%clk 00:26:38]} {[%emt 00:00:26]} Qf7 {[%clk 00:21:54]} {[%emt 00:00:55]} 20.
Rb1 {[%clk 00:25:31]} {[%emt 00:01:37]} g6 {[%clk 00:18:54]} {[%emt 00:03:31]}
21. Rff1 {[%clk 00:19:33]} {[%emt 00:06:28]} Rfe8 {[%clk 00:18:06]} {[%emt
00:01:18]} 22. Be2 {[%clk 00:14:45]} {[%emt 00:05:18]} Ne4 {[%clk 00:14:58]}
{[%emt 00:03:39]} 23. Rbd1 {[%clk 00:12:11]} {[%emt 00:03:03]} e5 {[%clk
00:13:46]} {[%emt 00:01:42]} 24. fxe5 {[%clk 00:12:20]} {[%emt 00:00:20]} dxe5
{[%clk 00:14:09]} {[%emt 00:00:08]} 25. Bf3 {[%clk 00:12:25]} {[%emt 00:00:25]}
exd4 {[%clk 00:14:08]} {[%emt 00:00:30]} 26. exd4 {[%clk 00:11:00]} {[%emt
00:01:55]} Rad8 {[%clk 00:14:13]} {[%emt 00:00:25]} 27. Rfe1 {[%clk 00:08:51]}
{[%emt 00:02:39]} Nd2 {[%clk 00:09:09]} {[%emt 00:05:35]} 28. Qb5 {[%emt
00:08:45]} Nxf3+ 29. gxf3 Re7 {[%emt 00:00:10]}  1/2-1/2

[Event "26th 4NCL Congress"]
[Site "Woodland Grange, Leamington Spa"]
[Date "2021.09.12"]
[Round "4"]
[Board "10"]
[White "Southcott-Moyers, Indy"]
[Black "Kett, Timothy J"]
[Result "0-1"]
[WhiteElo "1668"]
[BlackElo "2264"]
[PlyCount "0"]
[EventDate "2021.09.10"]
[EventRounds "5"]
[EventCountry "ENG"]

1. d4 {[%clk 01:30:55]} {[%emt 00:00:04]} d5 {[%clk 01:30:47]} {[%emt
00:00:13]} 2. Nf3 {[%clk 01:31:20]} {[%emt 00:00:07]} e6 {[%clk 01:31:06]}
{[%emt 00:00:06]} 3. Bf4 {[%clk 01:31:19]} {[%emt 00:00:34]} c5 {[%clk
01:31:24]} {[%emt 00:00:12]} 4. c3 {[%clk 01:30:27]} {[%emt 00:01:23]} Nc6
{[%clk 01:31:38]} {[%emt 00:00:15]} 5. e3 {[%clk 01:30:29]} {[%emt 00:00:29]}
Nf6 {[%clk 01:31:59]} {[%emt 00:00:08]} 6. Nbd2 {[%clk 01:29:02]} {[%emt
00:01:58]} Nh5 {[%clk 01:25:27]} {[%emt 00:07:01]} 7. Be5 {[%clk 01:25:11]}
{[%emt 00:04:23]} f6 {[%clk 01:11:56]} {[%emt 00:13:59]} 8. Bg3 {[%clk
01:25:33]} {[%emt 00:00:09]} Qb6 {[%clk 01:04:49]} {[%emt 00:07:36]} 9. Qb3
{[%clk 01:21:20]} {[%emt 00:04:42]} Bd7 {[%clk 00:57:01]} {[%emt 00:08:19]} 10.
Qxb6 {[%clk 01:18:35]} {[%emt 00:03:16]} axb6 {[%clk 00:57:26]} {[%emt
00:00:05]} 11. Bc7 {[%emt 00:01:19]} g5 {[%clk 00:57:07]} 12. g4 {[%clk
01:14:21]} {[%emt 00:04:44]} Ng7 {[%clk 00:57:30]} {[%emt 00:00:07]} 13. Bxb6
{[%clk 01:14:07]} {[%emt 00:00:44]} cxd4 {[%clk 00:54:38]} {[%emt 00:03:22]} 14.
exd4 {[%clk 01:12:13]} {[%emt 00:02:25]} h5 {[%clk 00:54:40]} {[%emt 00:00:27]}
15. gxh5 {[%clk 01:05:52]} {[%emt 00:06:51]} Nxh5 {[%clk 00:53:31]} {[%emt
00:01:39]} 16. Bc7 {[%clk 01:04:12]} {[%emt 00:02:10]} Rc8 {[%clk 00:45:21]}
{[%emt 00:08:39]} 17. Bg3 {[%clk 01:04:36]} {[%emt 00:00:07]} Nxg3 {[%clk
00:42:21]} {[%emt 00:03:30]} 18. fxg3 {[%clk 01:05:00]} {[%emt 00:00:06]} Be7
{[%clk 00:42:28]} {[%emt 00:00:22]} 19. Bb5 {[%clk 01:00:53]} {[%emt 00:04:37]}
e5 {[%clk 00:39:59]} {[%emt 00:02:59]} 20. dxe5 {[%clk 01:00:43]} {[%emt
00:00:41]} fxe5 {[%clk 00:40:19]} {[%emt 00:00:10]} 21. O-O {[%clk 01:00:30]}
{[%emt 00:00:44]} e4 {[%clk 00:38:05]} {[%emt 00:02:42]} 22. Bxc6 {[%clk
01:00:05]} {[%emt 00:00:56]} Rxc6 {[%clk 00:36:26]} {[%emt 00:02:09]} 23. Ne5
{[%clk 00:59:12]} {[%emt 00:01:23]} Bc5+ {[%clk 00:35:29]} {[%emt 00:01:27]} 24.
Kg2 {[%clk 00:56:58]} {[%emt 00:02:44]} Rxh2+ {[%clk 00:35:14]} {[%emt
00:00:44]} 25. Kxh2 {[%clk 00:53:50]} {[%emt 00:03:39]} Rh6+ {[%clk 00:35:37]}
{[%emt 00:00:06]} 26. Kg2 {[%clk 00:53:10]} {[%emt 00:01:10]} Bh3+ {[%clk
00:36:01]} {[%emt 00:00:06]}  0-1

[Event "26th 4NCL Congress"]
[Site "Woodland Grange, Leamington Spa"]
[Date "2021.09.12"]
[Round "4"]
[Board "11"]
[White "Dias, Savin"]
[Black "Stubbs, Oliver"]
[Result "1/2-1/2"]
[WhiteElo "2155"]
[BlackElo "2073"]
[PlyCount "44"]
[EventDate "2021.09.10"]
[EventRounds "5"]
[EventCountry "ENG"]

1. e4 e6 2. d4 d5 3. Nc3 Bb4 4. e5 Ne7 5. Qg4 c5 6. a3 Bxc3+ 7. bxc3 Qc7 8.
Qxg7 Rg8 9. Qxh7 cxd4 10. Ne2 Nbc6 11. f4 dxc3 12. Qd3 d4 13. Nxd4 Nxd4 14.
Qxd4 Bd7 15. Rg1 Nf5 16. Qf2 Qc6 17. Bd3 Qd5 18. Rb1 Bc6 19. Rb3 O-O-O 20. Rxc3
Kb8 21. Rc5 Qa2 22. Rc3 Qd5  1/2-1/2

[Event "26th 4NCL Congress"]
[Site "Woodland Grange, Leamington Spa"]
[Date "2021.09.12"]
[Round "4"]
[Board "12"]
[White "Finn, Peter"]
[Black "Saunders, Aron"]
[Result "1-0"]
[WhiteElo "2111"]
[BlackElo "1908"]
[PlyCount "0"]
[EventDate "2021.09.10"]
[EventRounds "5"]
[EventCountry "ENG"]

1. e4 {[%clk 01:30:55]} {[%emt 00:00:03]} c6 {[%clk 01:30:58]} {[%emt
00:00:03]} 2. d4 {[%clk 01:31:21]} {[%emt 00:00:04]} d5 {[%clk 01:31:21]}
{[%emt 00:00:07]} 3. e5 {[%clk 01:31:48]} {[%emt 00:00:03]} Bf5 {[%clk
01:31:46]} {[%emt 00:00:05]} 4. Nf3 {[%clk 01:32:13]} {[%emt 00:00:05]} e6
{[%clk 01:32:04]} {[%emt 00:00:11]} 5. Be2 {[%clk 01:32:39]} {[%emt 00:00:04]}
c5 {[%clk 01:31:37]} {[%emt 00:00:58]} 6. Be3 {[%clk 01:33:03]} {[%emt
00:00:06]} cxd4 {[%clk 01:31:45]} {[%emt 00:00:22]} 7. Nxd4 {[%clk 01:33:27]}
{[%emt 00:00:06]} Ne7 {[%clk 01:32:03]} {[%emt 00:00:12]} 8. c4 {[%clk
01:33:45]} {[%emt 00:00:12]} Nbc6 {[%clk 01:30:08]} {[%emt 00:02:24]} 9. Qa4
{[%clk 01:33:52]} {[%emt 00:00:23]} Qa5+ {[%clk 01:23:04]} {[%emt 00:07:35]} 10.
Qxa5 {[%clk 01:34:11]} {[%emt 00:00:11]} Nxa5 {[%clk 01:23:29]} {[%emt
00:00:05]} 11. cxd5 {[%clk 01:33:12]} {[%emt 00:01:29]} Nxd5 {[%clk 01:20:08]}
{[%emt 00:03:51]} 12. Bb5+ {[%clk 01:31:16]} {[%emt 00:02:26]} Kd8 {[%clk
01:17:21]} {[%emt 00:03:17]} 13. Nxf5 {[%clk 01:28:11]} {[%emt 00:03:35]} exf5
{[%clk 01:15:28]} {[%emt 00:02:23]} 14. Bd2 {[%clk 01:15:05]} {[%emt 00:13:36]}
Nc6 {[%clk 01:11:15]} {[%emt 00:04:43]} 15. Nc3 {[%clk 01:05:42]} {[%emt
00:09:52]} Nxc3 {[%clk 01:04:56]} {[%emt 00:06:50]} 16. Bxc3 {[%clk 01:06:05]}
{[%emt 00:00:07]} Bc5 {[%clk 01:04:15]} {[%emt 00:01:11]} 17. O-O {[%clk
01:03:51]} {[%emt 00:02:43]} Ke7 {[%clk 01:02:20]} {[%emt 00:02:26]} 18. Rac1
{[%clk 00:59:31]} {[%emt 00:04:50]} Rac8 {[%clk 00:59:36]} {[%emt 00:03:14]} 19.
Rfd1 {[%clk 00:46:03]} {[%emt 00:13:58]} Rhd8 {[%clk 00:52:43]} {[%emt
00:07:22]} 20. Kf1 {[%clk 00:40:52]} {[%emt 00:05:41]} a6 {[%clk 00:47:40]}
{[%emt 00:05:34]} 21. Bd3 {[%clk 00:39:02]} {[%emt 00:02:20]} g6 {[%clk
00:43:54]} {[%emt 00:04:16]} 22. a3 {[%clk 00:30:07]} {[%emt 00:09:25]} Bd4
{[%clk 00:41:00]} {[%emt 00:03:24]} 23. Bxd4 {[%clk 00:28:49]} {[%emt
00:01:49]} Rxd4 {[%clk 00:40:59]} {[%emt 00:00:30]} 24. Be2 {[%clk 00:28:36]}
{[%emt 00:00:43]} Rcd8 {[%clk 00:37:54]} {[%emt 00:03:35]} 25. Rxd4 {[%clk
00:28:50]} {[%emt 00:00:15]} Nxd4 {[%clk 00:36:56]} {[%emt 00:01:29]} 26. Rc7+
{[%clk 00:26:50]} {[%emt 00:02:30]} Rd7 {[%clk 00:37:03]} {[%emt 00:00:23]} 27.
Rxd7+ {[%clk 00:26:47]} {[%emt 00:00:34]} Kxd7 {[%clk 00:37:25]} {[%emt
00:00:07]} 28. Bc4 {[%clk 00:27:06]} {[%emt 00:00:10]} Ne6 {[%clk 00:31:43]}
{[%emt 00:06:13]} 29. Ke2 {[%clk 00:25:46]} {[%emt 00:01:50]} h6 {[%clk
00:28:23]} {[%emt 00:03:49]} 30. Ke3 {[%clk 00:25:27]} {[%emt 00:00:49]} Kc6
{[%clk 00:26:58]} {[%emt 00:01:56]} 31. h3 {[%clk 00:24:05]} {[%emt 00:01:52]}
Kc5 {[%clk 00:25:28]} {[%emt 00:02:00]} 32. Ba2 {[%clk 00:24:22]} {[%emt
00:00:13]} a5 {[%clk 00:24:51]} {[%emt 00:01:07]} 33. g4 {[%clk 00:24:02]}
{[%emt 00:00:49]} fxg4 {[%clk 00:15:04]} {[%emt 00:10:17]} 34. hxg4 {[%clk
00:24:28]} {[%emt 00:00:05]} h5 {[%clk 00:15:29]} {[%emt 00:00:05]} 35. gxh5
{[%clk 00:23:30]} {[%emt 00:01:27]} gxh5 {[%clk 00:15:55]} {[%emt 00:00:05]} 36.
f4 {[%clk 00:20:20]} {[%emt 00:03:40]} Kc6 {[%clk 00:14:40]} {[%emt 00:01:44]}
37. f5 {[%clk 00:20:16]} {[%emt 00:00:34]} Nd8 {[%clk 00:13:58]} {[%emt
00:01:13]} 38. Kf4 {[%clk 00:20:17]} {[%emt 00:00:28]}  1-0

[Event "26th 4NCL Congress"]
[Site "Woodland Grange, Leamington Spa"]
[Date "2021.09.12"]
[Round "4"]
[Board "13"]
[White "Gardiner, Eric D"]
[Black "Han, Yichen"]
[Result "0-1"]
[WhiteElo "2103"]
[BlackElo "2402"]
[PlyCount "0"]
[EventDate "2021.09.10"]
[EventRounds "5"]
[EventCountry "ENG"]

1. e4 {[%emt 00:47:02]} c5 {[%emt 00:00:07]} 2. c3 {[%emt 00:00:09]} Nf6 {[%emt
00:00:07]} 3. e5 {[%emt 00:00:07]} Nd5 {[%emt 00:00:05]} 4. g3 {[%emt
00:00:14]} d6 {[%emt 00:02:01]} 5. exd6 {[%emt 00:00:15]} Qxd6 {[%emt
00:00:30]} 6. Bg2 {[%emt 00:00:47]} Nc6 {[%emt 00:02:04]} 7. Nf3 {[%emt
00:09:24]} Bg4 {[%emt 00:09:25]} 8. h3 {[%emt 00:01:59]} Bh5 {[%emt 00:04:39]}
9. d4 {[%emt 00:06:39]} cxd4 {[%emt 00:02:26]} 10. g4 {[%emt 00:00:34]} Bg6
{[%emt 00:00:42]} 11. Nxd4 {[%emt 00:03:26]} Ndb4 {[%emt 00:09:12]} 12. Bxc6+
{[%emt 00:20:19]} Nxc6 {[%emt 00:00:15]} 13. Be3 {[%emt 00:10:45]} e5 {[%emt
00:04:24]} 14. Nf5 {[%emt 00:02:21]} Qxd1+ {[%emt 00:02:41]} 15. Kxd1 {[%emt
00:00:08]} h5 {[%emt 00:09:15]} 16. Ng3 {[%emt 00:05:55]} hxg4 {[%emt
00:00:11]} 17. hxg4 {[%emt 00:00:33]} Rxh1+ {[%emt 00:00:08]} 18. Nxh1 {[%emt
00:00:10]} Be4 {[%emt 00:00:06]} 19. Ng3 {[%emt 00:00:21]} Bf3+ {[%emt
00:00:04]} 20. Kc2 {[%emt 00:00:51]} Bxg4 {[%emt 00:00:26]} 21. Nd2 {[%emt
00:00:20]} Be6 {[%emt 00:02:29]} 22. Re1 {[%emt 00:06:33]} f5 {[%emt 00:04:37]}
23. Bg5 {[%emt 00:03:46]} Kf7 {[%emt 00:02:06]} 24. Nb3 {[%emt 00:05:24]} a5
{[%emt 00:03:19]} 25. f4 {[%emt 00:02:19]} a4 {[%emt 00:01:01]} 26. Nc1 {[%emt
00:00:20]} e4 {[%emt 00:00:23]} 27. a3 {[%emt 00:00:35]} Bc5 {[%emt 00:00:54]}
28. Nf1 {[%emt 00:02:17]} Rh8 {[%emt 00:01:13]} 29. Kd2 {[%emt 00:06:11]} Na5
{[%emt 00:01:02]} 30. Ne3 {[%emt 00:01:44]} Rh2+ {[%emt 00:00:46]}  0-1

[Event "26th 4NCL Congress"]
[Site "Woodland Grange, Leamington Spa"]
[Date "2021.09.12"]
[Round "4"]
[Board "14"]
[White "Bradbury, Neil H"]
[Black "Brixel, Christof"]
[Result "1-0"]
[WhiteElo "2339"]
[BlackElo "2088"]
[PlyCount "0"]
[EventDate "2021.09.10"]
[EventRounds "5"]
[EventCountry "ENG"]

1. d4 {[%clk 01:30:56]} {[%emt 00:00:04]} Nf6 {[%clk 01:30:49]} {[%emt
00:00:11]} 2. c4 {[%clk 01:31:17]} {[%emt 00:00:08]} c5 {[%clk 01:31:14]}
{[%emt 00:00:06]} 3. d5 {[%clk 01:31:34]} {[%emt 00:00:13]} b5 {[%clk
01:31:39]} {[%emt 00:00:05]} 4. cxb5 {[%clk 01:31:39]} {[%emt 00:00:25]} a6
{[%clk 01:32:05]} {[%emt 00:00:04]} 5. e3 {[%clk 01:31:45]} {[%emt 00:00:23]}
axb5 {[%clk 01:32:26]} {[%emt 00:00:10]} 6. Bxb5 {[%clk 01:32:06]} {[%emt
00:00:08]} Qa5+ {[%clk 01:32:32]} {[%emt 00:00:25]} 7. Nc3 {[%clk 01:32:21]}
{[%emt 00:00:15]} Bb7 {[%clk 01:32:36]} {[%emt 00:00:26]} 8. Bd2 {[%clk
01:20:56]} {[%emt 00:11:54]} Qb6 {[%clk 01:28:51]} {[%emt 00:04:15]} 9. Nge2
{[%clk 00:45:47]} {[%emt 00:35:39]} Nxd5 {[%clk 01:21:25]} {[%emt 00:07:56]} 10.
O-O {[%clk 00:45:27]} {[%emt 00:00:51]} Nc7 {[%clk 01:16:18]} {[%emt 00:05:37]}
11. a4 {[%clk 00:39:47]} {[%emt 00:06:09]} g6 {[%clk 01:09:29]} {[%emt
00:07:19]} 12. e4 {[%clk 00:39:30]} {[%emt 00:00:47]} Bg7 {[%clk 01:09:41]}
{[%emt 00:00:18]} 13. Be3 {[%clk 00:39:52]} {[%emt 00:00:08]} O-O {[%clk
01:08:30]} {[%emt 00:01:41]} 14. Rc1 {[%clk 00:40:18]} {[%emt 00:00:03]} Nc6
{[%clk 00:45:24]} {[%emt 00:23:36]} 15. Qxd7 {[%clk 00:28:09]} {[%emt
00:12:39]} Rfd8 {[%clk 00:38:57]} {[%emt 00:06:57]} 16. Bxc5 {[%clk 00:23:39]}
{[%emt 00:05:01]} Rxd7 {[%clk 00:31:15]} {[%emt 00:08:12]} 17. Bxb6 {[%clk
00:23:51]} {[%emt 00:00:17]} Nxb5 {[%clk 00:31:35]} {[%emt 00:00:11]} 18. axb5
{[%clk 00:18:04]} {[%emt 00:06:16]} Ne5 {[%clk 00:26:05]} {[%emt 00:06:00]} 19.
f3 {[%clk 00:05:10]} {[%emt 00:13:23]} Nc4 {[%clk 00:22:11]} {[%emt 00:04:24]}
20. Bf2 {[%clk 00:04:51]} {[%emt 00:00:49]} Nxb2 {[%clk 00:20:43]} {[%emt
00:01:58]} 21. Rb1 {[%clk 00:04:04]} {[%emt 00:01:16]} Nc4 {[%clk 00:15:04]}
{[%emt 00:06:10]} 22. Rfd1 {[%clk 00:04:03]} {[%emt 00:00:31]} Rxd1+ {[%clk
00:06:20]} {[%emt 00:09:14]} 23. Rxd1 {[%clk 00:04:30]} {[%emt 00:00:02]} Kf8
{[%clk 00:06:32]} {[%emt 00:00:18]} 24. Bd4 {[%clk 00:03:44]} {[%emt 00:01:16]}
Bh6 {[%clk 00:05:27]} {[%emt 00:01:36]} 25. Kf2 {[%clk 00:03:37]} {[%emt
00:00:37]} Bd2 {[%clk 00:04:38]} {[%emt 00:01:19]} 26. Nb1 {[%clk 00:02:41]}
{[%emt 00:01:25]} Bb4 {[%clk 00:04:59]} {[%emt 00:00:10]} 27. Rc1 {[%clk
00:02:38]} {[%emt 00:00:33]} Nd6 {[%clk 00:04:41]} {[%emt 00:00:48]} 28. Nbc3
{[%clk 00:01:55]} {[%emt 00:01:13]} Rc8 {[%clk 00:01:47]} {[%emt 00:03:24]} 29.
Rb1 {[%clk 00:02:02]} {[%emt 00:00:22]} Rc4 {[%clk 00:01:36]} {[%emt 00:00:42]}
30. Ke3 {[%clk 00:02:03]} {[%emt 00:00:28]} f6 {[%clk 00:01:42]} {[%emt
00:00:24]} 31. Kd3 {[%clk 00:01:22]} {[%emt 00:01:11]} e5 {[%clk 00:02:04]}
{[%emt 00:00:09]} 32. Rxb4 {[%clk 00:01:30]} {[%emt 00:00:23]} Rxb4 {[%clk
00:01:00]} {[%emt 00:01:33]} 33. Bc5 {[%clk 00:01:58]}  1-0